000 00658nam a2200205Ii 4500
003 JO-AjNU
008 230605s9999||||xx |||||||||||||| ||und||
017 _a2012/9/3412
040 _aJO-AjNU
_bara
_erda
_cJO-AjNU
041 _aara
050 1 4 _aPJ7858.U53.B56 2012
100 3 _aتأليف القنصل، عيسى,
_eauthor
_948386
245 0 0 _aبين يديك مادبا
264 3 1 _aعمان:وزارة الثقافة،2012
300 _a108ص
336 _atext
_btxt
_2rdacontent
337 _aunmediated
_bn
_2rdamedia
338 _avolume
_bnc
_2rdacarrier
650 4 _aالشعر العربي - العصر الحديث - الأردن
_948387
999 _aA21186
_c24754
_d24754